1274 1858 1231 1631 1729 1032 1633 1948 1809 1163 1469 1034 1738 1378 1837 1362 1719 1033 1411 1989 1357 1284 1580 1297 1918 1156 1686 1318 1322 1470 1489 1269 1052 1158 1967 1604 1168 1313 1119 1137 1071 1424 1484 1181 1439 1965 1484 1136 1536 1000 1442 1826 1492 1359 1749 1649 1789 1577 1815 1078 1409 1182 1277 1430 1613 1315 1034 1667 1279 1138 1522 1848 1861 1584 1183 1930 1706 1486 1429 1796 1347 1098 1252 1908 1791 1560 1833 1625 1834 1369 1872 1610 1410 1560 1013 1882 1467 1742 1746 BCNSPRNW ULIB Ver.6.0+V

เปลี่ยนเป็นภาษาไทย

Change to English
 แสดงรายละเอียดบรรณานุกรม
  กลับหน้าหลัก

Brief Record : Get Marc (ISO 2709) : E-mail record : QR code < ปิดหน้าต่าง
LEADER : 00000nam 2200000uu 4500
001    13399121483
003     ULIB
008    121121s2552||||th 000 0 tha d
020    ^a9786115120017
050 04 ^aSB449 ^bส831ก
100 0  ^aสุพัสดา ศรีอุดร.
245 1   ^aการจัดดอกไม้แบบสากล / ^cสุพัสดา ศรีอุดร, สมัย ศรีอุดร
250    ^aa พิมพ์ครั้งที่ 1.
260    ^aa กรุงเทพฯ : ^bวาดศิลป์, ^c2552.
300    ^aa 64 หน้า : ^bภาพประกอบ ; ^c26 ซม.
500    ^aa โครงการหนังสือส่งเสริมวิชาชีพธุรกิจ
590    ^aa 09/2552TV
650  7 ^aการจัดดอกไม้.
650  7 ^aดอกไม้ ^xการจัดและตกแต่ง.
658    ^aa TV -- 2 เล่ม
700 0  ^aสมัย ศรีอุดร
850    ^a HCU
945    ^p160^l0^i17806
995    ^aวิภา
999    ^aวิภา
รายการนี้ยังไม่มีแท็ก
คุณยังไม่ได้ล็อกอิน คุณสามารถมีกิจกรรมร่วมกับเว็บไซต์ได้ แต่ต้องล็อกอินก่อน ::
  ล็อกอิน

รายการสื่อสารสนเทศ

ลำดับที่ ประเภท เลขเรียก/บาร์โค้ด สถานที่ สถานะ
1. วิทยาศาสตร์การแพทย์ และสุขภาพ
วิทยาศาสตร์การแพทย์ และสุขภาพ
SB449 ส831ก  
  Barcode: 17806
ห้องสมุดวิทยาเขตสวรรค์ประชารักษ์
►หนังสือทั่วไป
บนชั้น

BibComment


ยังไม่เคยถูกคอมเมนท์

คอมเมนท์ทรัพยากรรายการนี้
  คอมเมนท์: การจัดดอกไม้แบบ..


 Copyright 2026. Bcnsprnw @Library